Electric power systems /

Kaydedildi:
Detaylı Bibliyografya
Yazar: Weedy, B. M.
Materyal Türü: Kitap
Dil:English
Baskı/Yayın Bilgisi: New York : John Wiley and Sons, 1998.
Edisyon:4th ed.
Konular:
Etiketler: Etiketle
Etiket eklenmemiş, İlk siz ekleyin!
Thư viện lưu trữ: Mạng thư viện Đại học Đà Nẵng
LEADER 01148cam a2200361 i 4500
001 000046120
003 5392
005 20030312102626.0
008 010220|1998 vm 000 eng
020 |a 0471976776 
040 |a IRC  |c IRC  |d IRC 
041 0 |a eng 
082 1 4 |a 621.3191  |b WE-B 
100 1 |a Weedy, B. M.  |q (Birron Mathew) 
245 0 0 |a Electric power systems /  |c B. M. (Birron Mathew) Weedy. 
250 |a 4th ed. 
260 |a New York :  |b John Wiley and Sons,  |c 1998. 
300 |a xviii, 545p. :  |b ill. 
630 0 4 |a Electric power systems. 
650 0 4 |a Electric power systems. 
650 0 4 |a Electric power transmission. 
OWN |a DUT 
AVA |a UDN50  |b DUT  |c Book  |d 621.3191 WE-B  |e available  |t Error 5001 Not defined in file expand_doc_bib_avail.  |f 1  |g 0  |h N  |i 0  |j SH  |k 1 
999 |a From the UDN01 
AVA |a UDN50  |b DUT  |c Book  |d 621.3191 WE-B  |e available  |t Error 5001 Not defined in file expand_doc_bib_avail.  |f 1  |g 0  |h N  |i 0  |j SH  |k 1 
TYP |a Monograph 
TYP |a Printed language 
980 |a Mạng thư viện Đại học Đà Nẵng